000 00340nam a22001457a 4500
003 OSt
005 20211229144120.0
008 211229b |||||||| |||| 00| 0 eng d
020 _a9780071508544
040 _cHU
082 _a005.2762
100 _aHolzner Steven
_926009
245 _aPHP: The Complete Reference
942 _2ddc
_cBOOKS
_n0
999 _c25031
_d25031